000
00314nam a2200133Ia 4500
005
20251222144732.0
008
251222s9999||||xx |||||||||||||| ||spa||
020
_a
84-39052-4
082
_a
920/E98
100
_a
Eyre, Pilar
245
0
_a
Mujeres, veinte años después
264
_b
Plaza & Janés
942
_c
LIB
999
_c
18641
_d
18641